That's Not Even a Word! Quiz Stats

 Plays Quiz Updated Dec 20, 2015

Also try: TV in Other Words
Challenge
Share
Tweet
Embed
Score 0/20 Timer 05:00
4 Plays Today
% Correct
The Big Bang Theory
92.5%
The Walking Dead
81.4%
Star Trek
73%
Game of Thrones
72.7%
Arrested Development
46.1%
Doctor Who
41%
The Colbert Report
41%
Parks and Recreation
40.4%
Community
40%
Friends
39.4%
% Correct
South Park
39.1%
How I Met Your Mother
31.6%
Seinfeld
28.4%
The Simpsons
25.9%
Archer
25.1%
RuPaul's Drag Race
24.9%
The Office
23.7%
30 Rock
20.6%
Futurama
19.8%
The IT Crowd
17.4%

You're not logged in!

Compare scores with friends on all Sporcle quizzes.
OR
Log In

You Might Also Like...

Show Comments

Extras

Top Quizzes Today


Score Distribution

Your Account Isn't Verified!

In order to create a playlist on Sporcle, you need to verify the email address you used during registration. Go to your Sporcle Settings to finish the process.

Report this User

Report this user for behavior that violates our Community Guidelines.

Details: